Towns and Cities with over 100,000 People #1 (Netherlands Edition) - Statistics

General Stats
  • This quiz has been taken 14 times
  • The average score is 16 of 23
Answer Stats
Answer % Correct
Amsterdam
100%
Rotterdam
100%
Eindhoven
92%
Utrecht
92%
Almere Stad
85%
Arnhem
85%
Maastricht
85%
The Hague
85%
Apeldoorn
77%
Breda
77%
Leiden
77%
Nijmegen
77%
Tilburg
77%
Zwolle
77%
Amersfoort
69%
Enschede
69%
Haarlem
69%
Dordrecht
62%
‘s-Hertogenbosch
46%
Hoofddorp
31%
Zaanstad
31%
Gronigen
15%
Zoetemeer
0%
No matching quizzes found
Score Distribution
Percent of People with Each Score
Percentile by Number Answered
Your Score History
You have not taken this quiz